000 00607nam a2200217Ia 4500
005 20230313111136.0
008 131103s9999 xx 000 0 und d
020 _a691062471
040 _aLoreto College
041 _aEnglish
082 _a822.33
_bSHA-MAC
100 _aElroy Bernard Mc
245 _aShakespeare's mature tragedies
_cBernard Mc Elroy
260 _aPrinceton
_bPrinceton University Press
_c1973
300 _aix,256 p.
504 _aIncludes appendix and index
650 _aEnglish Drama
651 _aShakespeare,William - Tragedy - Criticism
850 _aLCLIB
942 _cBK
999 _c5684
_d56163